000 00857nam0a22002531 4500
001 rc\899855
005 20250622034309.0
035 _a(NLR Aleph) 006075635
090 _a5044543
_c5044543
100 _a20041129d1983 |||y0rusy50 ca
101 0 _arus
102 _aRU
105 _ay |||||||||
200 1 _aИнтегралы и ряды. Специальные функции
_fА.П. Прудников, Ю.А. Брычков, О.И. Маричев
210 _aМ.
_cНаука
_d1983
215 _a750 с.
_d22
700 1 _aПрудников
_bА.П.
_gАнатолий Платонович
701 1 _aБрычков
_bЮ.А.
_gЮрий Александрович
701 1 _aМаричев
_bО.И.
_gОлег Игоревич
801 0 _aRU
_bNLR
_gpsbo
801 1 _aRU
_bELAR
_2rusmarc
852 _aNLR
_j84-5/1948
942 _cBOOK
980 _aNB